El corazón es un cazador solitario / (Record no. 18127)

MARC details
000 -LEADER
campo de control de longitud fija 00760nam a2200241 i 4500
001 - NÚMERO DE CONTROL
campo de control 18127
003 - IDENTIFICADOR DE NÚMERO DE CONTROL
campo de control ES-MaACL
005 - FECHA Y HORA DE LA ÚLTIMA TRANSACCIÓN
campo de control 20250826150741.0
007 - CAMPO FIJO DE DESCRIPCIÓN FÍSICA--INFORMACIÓN GENERAL
campo de control de longitud fija t|
008 - DATOS DE LONGITUD FIJA--INFORMACIÓN GENERAL
campo de control de longitud fija 010822s2001 sp ||||1| spa d
020 ## - NÚMERO INTERNACIONAL ESTÁNDAR DEL LIBRO
Número Internacional Estándar del Libro 84-322-1957-6
080 ## - NÚMERO DE LA CLASIFICACIÓN DECIMAL UNIVERSAL
Número de la Clasificación Decimal Universal 821.111(73)-31"19"
100 1# - ENTRADA PRINCIPAL--NOMBRE DE PERSONA
Nombre de persona McCullers, Carson.
9 (RLIN) 79546
245 13 - MENCIÓN DEL TÍTULO
Título El corazón es un cazador solitario /
Mención de responsabilidad, etc. Carson McCullers ; traducción del inglés por R. M. Bassols.
250 ## - MENCION DE EDICION
Mención de edición 1ª ed. en Biblioteca Formentor.
260 ## - PUBLICACIÓN, DISTRIBUCIÓN, ETC.
Lugar de publicación, distribución, etc. Barcelona :
Nombre del editor, distribuidor, etc. Seix Barral,
Fecha de publicación, distribución, etc. 2001.
300 ## - DESCRIPCIÓN FÍSICA
Extensión 380 p. ;
Dimensiones 23 cm.
490 1# - MENCIÓN DE SERIE
Mención de serie Biblioteca Formentor
700 0# - ENTRADA AGREGADA--NOMBRE PERSONAL
Nombre de persona Bassols, Rosa María
9 (RLIN) 26334
830 0# - PUNTO DE ACCESO ADICIONAL DE SERIE-TÍTULO UNIFORME
Título uniforme Biblioteca Formentor
9 (RLIN) 180387
852 ## - LOCALIZACIÓN
Ubicación ES-MaACL
Número de control de estantería L-24866
Sublocalización o colección R.130092
Holdings
Estatus retirado Estado de pérdida Estado de daño No para préstamo Biblioteca de origen Biblioteca actual Ubicación en estantería Fecha de adquisición Fuente de adquisición Total de préstamos Signatura topográfica completa Código de barras Visto por última vez Precio de reemplazo Tipo de ítem Koha
        Biblioteca del Ateneo de Madrid Biblioteca del Ateneo de Madrid Depósito 2 17/01/2008     L-24866 1018528 23/02/2023 23/02/2023 Libro impreso